Graphic arts Japan

Kaydedildi:
Detaylı Bibliyografya
Materyal Türü: Kitap
Dil:Undetermined
Baskı/Yayın Bilgisi: Tokyo 1974
Etiketler: Etiketle
Etiket eklenmemiş, İlk siz ekleyin!
Thư viện lưu trữ: Trung tâm Học liệu Trường Đại học Cần Thơ
LEADER 00313nam a2200121Ia 4500
001 CTU_99404
008 210402s9999 xx 000 0 und d
082 |a 686.22 
082 |b G766/Vol.15 
245 0 |a Graphic arts Japan 
260 |a Tokyo 
260 |c 1974 
980 |a Trung tâm Học liệu Trường Đại học Cần Thơ